Представление документа в формате MARC21

Поле Инд. ПП Название Значение
Тип записи a
Библиографический уровень b
001 Контрольный номер RU/IS/BASE/323368024
005 Дата корректировки 20200602220426.0
008 Кодируемые данные 20100331
040 b Код языка каталог. rus
e Правила каталог. PSBO
041 0_ a Код языка текста rus
084 a Индекс другой классификации/Индекс ББК 81.603-2
100 1_ a Автор Ханбалаева С. Н.
245 10 a Заглавие Таксисные отношения обусловленности в лезгинском языке
504 a Библиография Библиогр. ссылки
650 04 a Основная рубрика грамматика; синтаксис
a Основная рубрика филологические науки
a Основная рубрика частное языкознание
a Основная рубрика языкознание
653 0_ a Ключевые слова глагольная семантика
a Ключевые слова конвербы
a Ключевые слова лезгинский язык
a Ключевые слова лингвистическая семантика
a Ключевые слова обусловленность
a Ключевые слова синтаксическая обусловленность
a Ключевые слова таксис
a Ключевые слова таксисные отношения
773 08 t Заглавие источника Филологические науки
d Дата издания источника 2009
g Прочая информация № 2. - С. 81 - 88
w Контрольный № источника RU/IS/BASE/293108061
901 t Тип документа b